Teaching of English : (Record no. 94015)

MARC details
000 -LEADER
fixed length control field 00613nam a22001937a 4500
005 - DATE AND TIME OF LATEST TRANSACTION
control field 20150730153030.0
010 ## - LCCN (DPL NO)
LC control number ENG-113274
020 ## - INTERNATIONAL STANDARD BOOK NUMBER
International Standard Book Number 9789380633015
Terms of availability 315.00
035 ## - SYSTEM CONTROL NUMBER
System control number EN-96806
037 ## - SOURCE OF ACQUISITION
Source of stock number/acquisition DBAD/PUB
082 ## - DEWEY DECIMAL CLASSIFICATION NUMBER
Classification number 372.652104
100 ## - MAIN ENTRY--PERSONAL NAME
Personal name Mantry, Sudhira
245 ## - TITLE STATEMENT
Title Teaching of English :
Statement of responsibility, etc by Sudhira Mantry
Remainder of title based on revised syllabus /
260 ## - PUBLICATION, DISTRIBUTION, ETC. (IMPRINT)
Place of publication, distribution, etc Delhi
Name of publisher, distributor, etc Saad Publications
Date of publication, distribution, etc 2011
270 ## - ADDRESS
Address 526, Vijay Park, Street No. 5 Maujpur
City Delhi
Postal code 110053
300 ## - PHYSICAL DESCRIPTION
Extent xxii,449p.
Dimensions 22cm(pbk)
500 ## - GENERAL NOTE
General note Includes bibliographical references
942 ## - ADDED ENTRY ELEMENTS (KOHA)
Source of classification or shelving scheme Dewey Decimal Classification
Item type English Books
Call number suffix MAN
Classification part 372.652104
Holdings
Withdrawn status Lost status Not for loan Collection code Home library Current library Date acquired Source of acquisition Cost, normal purchase price Full call number Barcode Copy number Cost, replacement price Koha item type
    Not For Loan Non-fiction D.B.Act.Division D.B.Act.Division 29/05/2015 DBAD/PUB 315.00 372.652104 MAN EN-96806 1 350.00 English Books

© Delhi Public Library
Hit Counter
free hit counter